Naruto: A to Z - Statistics

General Stats
  • This quiz has been taken 2,086 times
  • The average score is 11 of 25
Answer Stats
Hint Answer % Correct
C Kakashi's original jutsu Chidori
85%
B One of Three Great Dojutsu Byakugan
77%
S One of Three Great Dojutsu Sharingan
76%
J People who have Tailed Beasts sealed within them Jinchuriki
71%
D Eye Techniques Dojutsu
66%
O First major villain in the series Orochimaru
65%
Z Akatsuki's Spy Zetsu
63%
U Clan bound by Curse of Hatred Uchiha
59%
I Haku's advanced Nature Transformation Ice Release
57%
E Tobirama's technique greatly improved by Kabuto Edo Tensei
56%
W Hashirama's signature ability Wood Release
54%
L Techniques used by Rock Lee (Primary, Reversed) Lotus
49%
Y Minato Namikaze Yellow Flash
46%
K Bloodline Limit (Rinnegan, Blaze Release, etc.) Kekkei Genkai
40%
A Ancestor of the Senju clan Asura
38%
M An advanced form of the ''S'' Mangekyo Sharingan
36%
H ''Old Man Rikudou'' Hagoromo Otsutsuki
35%
G Hachibi Gyuki
34%
F Sage from Mount Myoboku Fukasaku
23%
T Sealing Sword owned by Itachi's Susanoo Totsuka Blade
19%
N Ninja Dogs Ninken
14%
P One of the Six Paths of Pain, absorbs Ninjutsu Preta Path
12%
R Summon of Hashirama, ''O'', Sakon and Ukon Rashomon
7%
Q Multiple version of the ''R'' (x5) Quintuple Rashomon
2%
V Eight Trigrams variant Vacuum Palm
1%
No matching quizzes found
Score Distribution
Percent of People with Each Score
Percentile by Number Answered
Your Score History
You have not taken this quiz